Les corporations ouvrières de Paris, du XIIe au XVIIIe siècle (Record no. 54559)
[ view plain ]
| 000 -LEADER | |
|---|---|
| campo de control de longitud fija | 01041nam a2200193 i 4500 |
| 001 - NÚMERO DE CONTROL | |
| campo de control | 54559 |
| 003 - IDENTIFICADOR DE NÚMERO DE CONTROL | |
| campo de control | ES-MaACL |
| 005 - FECHA Y HORA DE LA ÚLTIMA TRANSACCIÓN | |
| campo de control | 20250814080453.0 |
| 007 - CAMPO FIJO DE DESCRIPCIÓN FÍSICA--INFORMACIÓN GENERAL | |
| campo de control de longitud fija | t| |
| 008 - DATOS DE LONGITUD FIJA--INFORMACIÓN GENERAL | |
| campo de control de longitud fija | 031223s1884 fr ||||1| fre d |
| 100 1# - ENTRADA PRINCIPAL--NOMBRE DE PERSONA | |
| Nombre de persona | Franklin, Alfred. |
| 9 (RLIN) | 52336 |
| 245 14 - MENCIÓN DEL TÍTULO | |
| Título | Les corporations ouvrières de Paris, du XIIe au XVIIIe siècle |
| Resto del título | : histoire, statuts, armoires, d'après des documents originaux ou inédits / |
| Mención de responsabilidad, etc. | par Alfred Franklin. |
| 260 ## - PUBLICACIÓN, DISTRIBUCIÓN, ETC. | |
| Lugar de publicación, distribución, etc. | Paris : |
| Nombre del editor, distribuidor, etc. | Firmin-Didot, |
| Fecha de publicación, distribución, etc. | 1884. |
| 300 ## - DESCRIPCIÓN FÍSICA | |
| Extensión | 13 fascículos en 1 v., [13] h. lám. col. escudos ; |
| Dimensiones | 29 cm. |
| 505 8# - NOTA DE CONTENIDO CON FORMATO | |
| Nota de contenido con formato | Contiene: [1] Barbiers. Chirurgiens. - [2] Brodeurs. Chasubliers. Découpeurs. - [3] Couteliers. - [4] Couturières. - [5] Couvreurs. Plombiers. Ramoneurs. - [6] Drapiers, tisseurs et marchands. - [7] Gantiers. Parfumeurs. - [8] Lingères. - [9] Menuisiers. Ébénistes. - [10] Passementiers. Boutonniers. - [11] Perruquiers. Coiffeurs. - [12] Tabletiers. - [13] Tailleurs |
| 650 #7 - PUNTO DE ACCESO ADICIONAL DE MATERIA--TÉRMINO DE MATERIA | |
| Término de materia o nombre geográfico como elemento de entrada | Gremios- |
| Subdivisión geográfica | París |
| Fuente del encabezamiento o término | |
| 9 (RLIN) | 155658 |
| 852 ## - LOCALIZACIÓN | |
| Ubicación | ES-MaACL |
| Número de control de estantería | T-1457-F-8 |
| Estatus retirado | Estado de pérdida | Estado de daño | No para préstamo | Colección | Biblioteca de origen | Biblioteca actual | Ubicación en estantería | Fecha de adquisición | Fuente de adquisición | Total de préstamos | Signatura topográfica completa | Código de barras | Visto por última vez | Precio de reemplazo | Tipo de ítem Koha |
|---|---|---|---|---|---|---|---|---|---|---|---|---|---|---|---|
| Colección de folletos | Biblioteca del Ateneo de Madrid | Biblioteca del Ateneo de Madrid | Depósito folletos | 17/01/2008 | T-1457-F-8 | 1057331 | 23/02/2023 | 23/02/2023 | Folleto |
